All legendary mythical paradox and ultra beast Pokémon - Statistics

General Stats
  • This quiz has been taken 14 times
    7 since last reset
  • The average score is 74 of 123
Answer Stats
Answer % Correct
Articuno
100%
Ho-Oh
100%
Mew
100%
Mewtwo
100%
Moltres
100%
Zapdos
100%
Azelf
80%
Celebi
80%
Celesteela
80%
Deoxys
80%
Entei
80%
Groudon
80%
Jirachi
80%
Koraidon
80%
Kyogre
80%
Latias
80%
Latios
80%
Lugia
80%
Mesprit
80%
Miraidon
80%
Okidogi
80%
Raikou
80%
Solgaleo
80%
Suicune
80%
Uxie
80%
Victini
80%
Zygarde
80%
Arceus
60%
Blacephalon
60%
Buzzwole
60%
Calyrex
60%
Chien-Pao
60%
Chi-Yu
60%
Cobalion
60%
Cosmoem
60%
Cosmog
60%
Cresselia
60%
Darkrai
60%
Dialga
60%
Diancie
60%
Eternatus
60%
Genesect
60%
Giratina
60%
Glastrier
60%
Guzzlord
60%
Heatran
60%
Hoopa
60%
Iron Hands
60%
Kartana
60%
Keldeo
60%
Kyurem
60%
Lunala
60%
Magearna
60%
Manaphy
60%
Marshadow
60%
Melmetal
60%
Meloetta
60%
Meltan
60%
Munkidori
60%
Naganadel
60%
Necrozma
60%
Nihilego
60%
Ogerpon
60%
Palkia
60%
Pheromosa
60%
Phione
60%
Poipole
60%
Regice
60%
Regidrago
60%
Regieleki
60%
Regigigas
60%
Regirock
60%
Registeel
60%
Reshiram
60%
Shaymin
60%
Spectrier
60%
Stakataka
60%
Tapu Bulu
60%
Tapu Fini
60%
Tapu Koko
60%
Tapu Lele
60%
Terapagos
60%
Terrakion
60%
Ting-Lu
60%
Virizion
60%
Volcanion
60%
Wo-Chien
60%
Xerneas
60%
Xurkitree
60%
Yveltal
60%
Zacian
60%
Zamazenta
60%
Zarude
60%
Zekrom
60%
Zeraora
60%
Brute Bonnet
40%
Enamorus
40%
Fezandipiti
40%
Flutter Mane
40%
Gouging Fire
40%
Great Tusk
40%
Iron Boulder
40%
Iron Bundle
40%
Iron Crown
40%
Iron Jugulis
40%
Iron Leaves
40%
Iron Moth
40%
Iron Thorns
40%
Iron Treads
40%
Iron Valiant
40%
Kubfu
40%
Landorus
40%
Pecharunt
40%
Raging Bolt
40%
Roaring Moon
40%
Sandy Shocks
40%
Scream Tail
40%
Slither Wing
40%
Thundurus
40%
Tornadus
40%
Urshifu
40%
Walking Wake
40%
Hydrapple
0%
No matching quizzes found
Score Distribution
Percent of People with Each Score
Percentile by Number Answered
Your Score History
You have not taken this quiz since the last reset